Welcome to CU Library Online Public Access Catalogue (OPAC)

Fundamentals success : (Record no. 7866)

MARC details
000 -LEADER
fixed length control field 00873cam a22002534a 4500
001 - CONTROL NUMBER
control field 15537594
005 - DATE AND TIME OF LATEST TRANSACTION
control field 20251028165446.0
008 - FIXED-LENGTH DATA ELEMENTS--GENERAL INFORMATION
fixed length control field 081128s2008 paua 001 0 eng
020 ## - INTERNATIONAL STANDARD BOOK NUMBER
International Standard Book Number 9780803619210
Qualifying information pbk.
020 ## - INTERNATIONAL STANDARD BOOK NUMBER
International Standard Book Number 0803619219
Qualifying information pbk.
050 00 - LIBRARY OF CONGRESS CALL NUMBER
Classification number RT55
Item number .N765 2008
082 00 - DEWEY DECIMAL CLASSIFICATION NUMBER
Classification number 610.73
Edition information 21
100 1# - MAIN ENTRY--PERSONAL NAME
Personal name Nugent, Patricia Mary,
Dates associated with a name 1944-
245 10 - TITLE STATEMENT
Title Fundamentals success :
Remainder of title a course review applying critical thinking to test taking /
Statement of responsibility, etc. Patricia M. Nugent, Barbara A. Vitale.
250 ## - EDITION STATEMENT
Edition statement 2nd ed.
260 ## - PUBLICATION, DISTRIBUTION, ETC.
Place of publication, distribution, etc. Philadelphia :
Name of publisher, distributor, etc. F. A. Davis,
Date of publication, distribution, etc. c2008.
300 ## - PHYSICAL DESCRIPTION
Extent xxi, 402 p. :
Other physical details ill. ;
Dimensions 28 cm. +
Accompanying material 1 CD-ROM (4 3/4 in.)
500 ## - GENERAL NOTE
General note Includes index.
650 #0 - SUBJECT ADDED ENTRY--TOPICAL TERM
Topical term or geographic name entry element Nursing
Form subdivision Examinations, questions, etc.
650 #0 - SUBJECT ADDED ENTRY--TOPICAL TERM
Topical term or geographic name entry element Nursing
General subdivision Examinations
Form subdivision Study guides.
650 #0 - SUBJECT ADDED ENTRY--TOPICAL TERM
Topical term or geographic name entry element Critical thinking.
700 1# - ADDED ENTRY--PERSONAL NAME
Personal name Vitale, Barbara Ann,
Dates associated with a name 1944-
942 ## - ADDED ENTRY ELEMENTS (KOHA)
Source of classification or shelving scheme Library of Congress Classification
Koha item type Books
Edition 2nd ed.
Suppress in OPAC No
999 ## -
-- 7866
-- 7866
Holdings
Withdrawn status Lost status Source of classification or shelving scheme Damaged status Not for loan Collection Home library Current library Shelving location Date acquired Total checkouts Full call number Barcode Date last seen Copy number Price effective from Koha item type
    Library of Congress Classification     Non-fiction Science Library (Miotso) Science Library (Miotso) General stacks 10/28/2025   RT55 .N765 NUG SLM00004738 10/28/2025 1 10/28/2025 Books
© 2023-2024 Copyright: Central University Libraries. All Rights Reserved | Created by: Mahone Tech Office